000 00899nam a2200265 a 4500
999 _c1570
_d1570
007 ta
008 790719r19781981xxkak 001 0 eng d
040 _aKO
_beng
041 0 _aeng
044 _axxk
082 0 4 _223
_a623.88245
_bW774
110 2 _aInternational Chamber of Shipping
245 1 0 _aInternational safety guide for oil tankers & terminals /
_cInternational Chamber of Shipping, Oil Companies International Marine Forum.
260 _aLondon :
_bWitherby Marine Publishing,
_c1978, reprinted 1981
300 _axiii, 162 p. :
_bill., forms ;
_c31 cm.
500 _aIncludes index.
650 0 _aTankers
_xSafety measures.
650 0 _aPetroleum shipping terminals
_xSafety measures.
650 0 _aPetroleum
_xTransportation
_xSafety measures.
710 2 _aOil Companies International Marine Forum.
904 _aRUDRA_R
905 _aR_RANJAN
942 _2ddc
_cBK